| 000 | 03684nam0a2200409 4500 | ||
|---|---|---|---|
| 001 | RU\NLR\BIBL_A\016229941 | ||
| 005 | 20230206175728.0 | ||
| 010 |
_a978-5-215-03596-2 _9500 |
||
| 021 |
_aRU _bКН-П-22-078634 _9КН-П-22-6882 |
||
| 035 | _a(NLR Aleph) 016229941 | ||
| 035 | _a(RuMoRGB)011360777 | ||
| 090 |
_a12764376 _c12764376 |
||
| 100 | _a20221206d2022 u y0rusy50 ca | ||
| 101 | 0 | _arus | |
| 102 | _aRU | ||
| 105 | _ay j 000zy | ||
| 181 | 0 |
_ai _baxxe |
|
| 182 | 0 | _an | |
| 200 | 1 |
_aРусский язык абитуриентам _e[11 класс] _eучебное пособие для подготовки к ЕГЭ по русскому языку _fпреподаватель А. В. Морозова, доктор педагогических наук, доцент Л. Н. Талалова, кандидат филологических наук, доцент Н. Ф. Крылова _gМинистерство науки и высшего образования Российской Федерации, Федеральное государственное бюджетное образовательное учреждение высшего образования "Государственный университет управления", Учебный центр довузовской подготовки и дополнительного образования "Азъ" |
|
| 203 |
_aТекст _bвизуальный _cнепосредственный |
||
| 205 | _a2-е изд., испр. и доп. | ||
| 210 |
_aМосква _cГУУ _cАзъ _d2022 |
||
| 215 |
_a129 с. _cтабл. _d21 |
||
| 225 | 1 | _aГотовимся к ЕГЭ на подготовительных курсах | |
| 300 | _aАвт. указаны на обороте тит. с. | ||
| 330 | _aУчебное пособие адресовано учащимся 11-х классов средних общеобразовательных школ для поступления в высшие учебные заведения. Авторы учебного пособия - преподаватели кафедры русского языка и общих дисциплин ГУУ, имеющие многолетний опыт работы по подготовке школьников на подготовительных курсах. Учебное пособие состоит из тренировочных материалов по основным лексическим, грамматическим, орфографическим и пунктуационным темам русского языка, часто вызывающим затруднения. В конце приведены тесты, которые помогут повторить основные темы русского языка | ||
| 606 | 1 |
_aРусский язык _jУчебные издания для средней школы _91533567 _3RU\NLR\AUTH\66969347 |
|
| 686 | 3 | _aШ141.12-922.1[11] | |
| 700 | 1 |
_7ca _8rus _aМорозова _bА. В. _cфилолог, русский язык _gАнна Валериевна _9216291 _3RU\NLR\AUTH\770216347 |
|
| 701 | 1 |
_aТалалова _bЛ. Н. _gЛариса Николаевна |
|
| 701 | 1 |
_7ca _8rus _aКрылова _bН. Ф. _cканд. филол. наук _gНаталья Фёдоровна _9216289 _3RU\NLR\AUTH\770216345 |
|
| 712 | 0 | 2 |
_4570 _a"Азъ", учебный центр довузовского образования _cМосква _9348059 _3RU\NLR\AUTH\889926135 |
| 942 | _cBOOK | ||
| 980 | _aNB | ||